000 00679nam a2200217 a 4500
999 _c2750
_d2750
001 2750
003 BD-JhCC
005 20171114112450.0
008 171106s1963 bg |||| ||a| 000 0 ben d
035 _a(BD-JhCC)2750
040 _aBD-JhCC
_dBD-JhCC
041 _aben
082 _a891.4415
_bISL 1963
100 _aইসলাম, কাজী নজরুল
245 _aকাব্য আমপারা /
_cকাজী নজরুল ইসলাম
260 _aকলিকাতা :
_bমোহন লাইব্রেরী,
_c১৯৬৩.
300 _a95 p. :
_c21 cm.
650 _aSelective Sura
_xBengali Literature
942 _2ddc
_cBK